[Event "Pilsen Region-chT 2223"]
[Site "Czech Republic"]
[Date "2022.12.11"]
[Round "5.7"]
[White "Vaclavik, Vaclav"]
[Black "Sova, Zdenek"]
[Result "0-1"]
[WhiteElo "1979"]
[BlackElo "1727"]
[PlyCount "29"]
[EventDate "2022.10.09"]
[EventType "team-tourn"]
[EventRounds "11"]
[EventCountry "CZE"]
[SourceTitle "EXT 2024"]
[Source "ChessBase"]
[SourceDate "2023.10.10"]
[SourceVersion "1"]
[SourceVersionDate "2023.10.10"]
[SourceQuality "1"]
[WhiteTeam "Plzen Kosutka"]
[BlackTeam "Klatovy II"]
[WhiteTeamCountry "CZE"]
[BlackTeamCountry "CZE"]

1. e4 c5 2. Nf3 e6 3. d4 cxd4 4. Nxd4 a6 5. Bc4 Qc7 6. Bb3 Nf6 7. Nc3 Bb4 8. 0-0 Bxc3 9. bxc3 0-0 10. Qf3 d6 11. Bg5 Nbd7 12. Rad1 h6 13. Bh4 Nc5 14. Qe2 Nh7 15. Qd3 0-1

[Event "SVK-ch Seniors-B"]
[Site "Tatranske Matliare"]
[Date "2010.06.??"]
[Round "6"]
[White "Vaclavik, Vaclav"]
[Black "Jerman, Richard"]
[Result "0-1"]
[WhiteElo "1983"]
[BlackElo "2099"]
[PlyCount "46"]
[EventDate "2010.06.06"]
[EventType "swiss"]
[EventRounds "9"]
[EventCountry "SVK"]
[SourceTitle "EXT 2023"]
[Source "ChessBase"]
[SourceDate "2022.10.05"]
[SourceVersion "1"]
[SourceVersionDate "2022.10.05"]
[SourceQuality "1"]

1. e4 e5 2. Nf3 Nc6 3. Bc4 Be7 4. c3 Nf6 5. d3 0-0 6. 0-0 d6 7. h3 Na5 8. Bb5 a6 9. Ba4 b5 10. Bc2 c5 11. Nh2 d5 12. exd5 Qxd5 13. f4 exf4 14. Bxf4 Bf5 15. Bc7 Nc6 16. Nf3 Rac8 17. Bh2 Rcd8 18. Ne1 Bg6 19. Nd2 c4 20. d4 Nxd4 21. cxd4 Qxd4+ 22. Rf2 Bc5 23. Bg3 Qxd2 0-1